Camping with the Prince and other tales of science in Africa

Bibliographic Details
Main Author: Bass, Thomas A
Format: Book
Published: Boston : Houghton Mifflin , 1990
Subjects:

MARC

LEADER 00000cam a2200000 7i4500
001 0000001312
002 000001446
005 20000330.0
020 |a 0395415020 
090 0 0 |a 916.0432   |b BAS 
100 1 |a Bass, Thomas A 
245 1 0 |a Camping with the Prince and other tales of science in Africa   |c Thomas A.Bass 
260 |a Boston :   |b Houghton Mifflin ,   |c 1990 
300 |a 304p. ;   |c 24cm. 
600 0 0 |a Bass, Thomas A.   |x Journeys   |z Africa 
650 0 0 |a Science and civilization 
651 0 |a Africa   |x Description and travel   |y 1977 
999 |a 030692   |b BUKU   |c PINJAMAN   |e PERPUSTAKAAN KOMUNITI PETALING JAYA